[Event "Gibraltar Chess Festival 2017 - Masters"]
[Site "Gibraltar ENG"]
[Date "2017.01.24"]
[Round "1.47"]
[White "Muzychuk, Anna"]
[Black "Herbold, Manfred"]
[Result "1-0"]
[WhiteElo "2558"]
[BlackElo "2198"]
[PlyCount "55"]
[EventDate "2017.01.24"]
[EventType "swiss"]
[EventRounds "10"]
[EventCountry "ENG"]
[SourceTitle "Ajedrez en Madrid"]
[Source "lmi"]
[SourceDate "2017.01.24"]

1. e4 e6 2. d4 d5 3. Nc3 Nf6 4. e5 Nfd7 5. f4 c5 6. Nf3 Nc6 7. Be3 a6 8. Qd2
Be7 9. dxc5 Nxc5 10. O-O-O b5 11. Qf2 b4 12. Nxd5 exd5 13. Bxc5 Qa5 14. Bxe7
Nxe7 15. Kb1 O-O 16. Bd3 Bf5 17. Nd4 Qc5 18. Rhf1 Bxd3 19. Rxd3 Rac8 20. f5 f6
21. Rg3 fxe5 22. Rxg7+ Kxg7 23. Ne6+ Kh8 24. Nxc5 Rxf5 25. Qe2 Rxc5 26. Rxf5
Nxf5 27. Qxe5+ Ng7 28. Qb8+ 1-0

[Event "Gibraltar Chess Festival 2017 - Masters"]
[Site "Gibraltar ENG"]
[Date "2017.01.24"]
[Round "1.48"]
[White "Derakhshani, Borna"]
[Black "Huzman, Alexander"]
[Result "0-1"]
[WhiteElo "2195"]
[BlackElo "2557"]
[PlyCount "176"]
[EventDate "2017.01.24"]
[EventType "swiss"]
[EventRounds "10"]
[EventCountry "ENG"]
[SourceTitle "Ajedrez en Madrid"]
[Source "lmi"]
[SourceDate "2017.01.24"]

1. e4 e6 2. d4 d5 3. exd5 exd5 4. Bd3 c5 5. Bb5+ Bd7 6. Bxd7+ Nxd7 7. dxc5 Bxc5
8. Nf3 Qe7+ 9. Qe2 Qxe2+ 10. Kxe2 Ngf6 11. Rd1 O-O 12. Nbd2 Ng4 13. Nb3 Bxf2
14. h3 Rfe8+ 15. Kf1 Ne3+ 16. Bxe3 Bxe3 17. Rxd5 Nb6 18. Rd3 Nc4 19. Nbd2 Nxb2
20. Rb3 Na4 21. Nc4 Bf4 22. Rxb7 Nc5 23. Rb4 Rac8 24. Nb6 axb6 25. Rxf4 Ne6 26.
Rb4 Rc6 27. a4 g6 28. Rab1 Rxc2 29. Ne1 Ra2 30. Rxb6 Rxa4 31. Rb8 Rxb8 32.
Rxb8+ Kg7 33. Rb2 h5 34. Nf3 Nc5 35. Kg1 Ne4 36. Kh2 Nd6 37. h4 Nf5 38. Kh3 Ra1
39. Kh2 Ne3 40. Re2 Ra3 41. Rb2 Rc3 42. Ra2 Rb3 43. Re2 Kf6 44. Ra2 Rb4 45. Ra3
Nf5 46. Kh3 Rb1 47. Kh2 Rb2 48. Kg1 Re2 49. Rd3 Ne3 50. Ng5 Re1+ 51. Kh2 Ng4+
52. Kg3 Nh6 53. Kh2 Ke7 54. Ra3 Re2 55. Ra7+ Kf8 56. Ra8+ Kg7 57. Ra7 Re3 58.
Nf3 Ng4+ 59. Kg3 Rb3 60. Kf4 Ne3 61. Kg3 Rb2 62. Ng5 Nf5+ 63. Kh3 Rb3+ 64. Nf3
Nd4 65. Kg3 Ne6 66. Kh2 Kf6 67. Ra6 Rb4 68. Kh3 Rc4 69. Ra7 Rg4 70. Ra6 Kg7 71.
Kh2 Rc4 72. Ra7 Rc7 73. Ra6 Nc5 74. Rb6 f6 75. Nd4 Kf7 76. Nb5 Re7 77. Nd6+ Kg7
78. Nc8 Re4 79. Kh3 Nd3 80. Rb7+ Kf8 81. Rf7+ Kxf7 82. Nd6+ Ke6 83. Nxe4 Kf5
84. Nd6+ Kf4 85. g3+ Kf3 86. Nf7 Nf2+ 87. Kh2 Ng4+ 88. Kh3 Kf2 0-1

[Event "Gibraltar Chess Festival 2017 - Masters"]
[Site "Gibraltar ENG"]
[Date "2017.01.24"]
[Round "1.49"]
[White "Mastrovasilis, Athanasios"]
[Black "Tscharotschkin, Michael"]
[Result "1-0"]
[WhiteElo "2551"]
[BlackElo "2190"]
[PlyCount "139"]
[EventDate "2017.01.24"]
[EventType "swiss"]
[EventRounds "10"]
[EventCountry "ENG"]
[SourceTitle "Ajedrez en Madrid"]
[Source "lmi"]
[SourceDate "2017.01.24"]

1. Nf3 d5 2. c4 e6 3. d4 c6 4. Bg5 Be7 5. Bxe7 Qxe7 6. Nbd2 Nf6 7. e3 O-O 8.
Bd3 Nbd7 9. cxd5 exd5 10. Qc2 Re8 11. O-O Nf8 12. Rab1 Bg4 13. b4 a6 14. a4 Bh5
15. Rfc1 Bg6 16. Ne5 Bxd3 17. Nxd3 Ne4 18. Nxe4 Qxe4 19. Nc5 Qe7 20. b5 cxb5
21. axb5 Ne6 22. bxa6 bxa6 23. Rb7 Qg5 24. Nxe6 fxe6 25. Qc7 Qg6 26. h3 Rf8 27.
Qd6 Rf7 28. Rcc7 Rxc7 29. Rxc7 a5 30. Qc6 Rf8 31. Rc8 Qb1+ 32. Kh2 Qf5 33. f3
a4 34. Rxf8+ Kxf8 35. Qxa4 Qd3 36. Qb4+ Kf7 37. Qe1 h6 38. Kg1 Qc2 39. Qf2 Qd1+
40. Kh2 Qc1 41. e4 Kg8 42. exd5 exd5 43. Qg3 Qc6 44. Qe5 Qc4 45. h4 Kh8 46. h5
Qa2 47. Kh3 Kh7 48. g4 Qc4 49. Kg3 Kh8 50. Kf4 Kh7 51. Kf5 Qc8+ 52. Qe6 Qc2+
53. Ke5 Qe2+ 54. Kd6 Qa6+ 55. Ke5 Qe2+ 56. Kd6 Qa6+ 57. Kxd5 Qa2+ 58. Kd6 Qa3+
59. Kd7 Qa7+ 60. Ke8 Qa8+ 61. Ke7 Qa3+ 62. Qd6 Qxf3 63. d5 Qe3+ 64. Kd8 Qa7 65.
Qc6 Qa5+ 66. Kc8 Qe1 67. d6 Qe6+ 68. Kc7 Qe5 69. Kb7 Qb2+ 70. Kc8 1-0

[Event "Gibraltar Chess Festival 2017 - Masters"]
[Site "Gibraltar ENG"]
[Date "2017.01.24"]
[Round "1.50"]
[White "Osuna Vega, Enrique"]
[Black "Schroeder, Jan-Christian"]
[Result "0-1"]
[WhiteElo "2181"]
[BlackElo "2550"]
[PlyCount "94"]
[EventDate "2017.01.24"]
[EventType "swiss"]
[EventRounds "10"]
[EventCountry "ENG"]
[SourceTitle "Ajedrez en Madrid"]
[Source "lmi"]
[SourceDate "2017.01.24"]

1. e4 e5 2. Nf3 Nc6 3. Bb5 a6 4. Ba4 g6 5. d4 exd4 6. Bg5 Be7 7. Bxe7 Ngxe7 8.
Nxd4 O-O 9. Nc3 b5 10. Nxc6 Nxc6 11. Bb3 Na5 12. Qd2 d6 13. O-O Be6 14. Rad1
Re8 15. Rfe1 Nc4 16. Bxc4 Bxc4 17. b3 Be6 18. Qd4 Qg5 19. Nd5 Bxd5 20. Qxd5
Qxd5 21. exd5 Kf8 22. Kf1 a5 23. f4 a4 24. Rxe8+ Kxe8 25. Ke2 axb3 26. axb3 Ra5
27. Rd4 Ke7 28. Kd3 Ra1 29. g3 Rh1 30. Re4+ Kf6 31. Re2 h5 32. Ke4 Rd1 33. h4
Rc1 34. Kf3 Rd1 35. Ke4 Ke7 36. f5 Kf6 37. fxg6 fxg6 38. c4 Rb1 39. Re3 b4 40.
Kf4 Rd1 41. Ke4 Rf1 42. Rd3 Re1+ 43. Kd4 Rc1 44. Re3 Rd1+ 45. Ke4 Rf1 46. Kd4
Kf5 47. Re7 Rd1+ 0-1

[Event "Gibraltar Chess Festival 2017 - Masters"]
[Site "Gibraltar ENG"]
[Date "2017.01.24"]
[Round "1.51"]
[White "Muzychuk, Mariya"]
[Black "Semprun Martinez, Fernando"]
[Result "1/2-1/2"]
[WhiteElo "2546"]
[BlackElo "2174"]
[PlyCount "73"]
[EventDate "2017.01.24"]
[EventType "swiss"]
[EventRounds "10"]
[EventCountry "ENG"]
[SourceTitle "Ajedrez en Madrid"]
[Source "lmi"]
[SourceDate "2017.01.24"]

1. Nf3 c5 2. e4 Nc6 3. Bb5 Nf6 4. Nc3 Qc7 5. O-O Nd4 6. Re1 a6 7. Bf1 Ng4 8. g3
Nxf3+ 9. Qxf3 Ne5 10. Qe3 e6 11. b3 d6 12. Bb2 Be7 13. f4 Nc6 14. Ne2 O-O 15.
Bg2 Bd7 16. c3 Rac8 17. g4 e5 18. f5 Qd8 19. Red1 Bg5 20. Qf2 Qe7 21. d3 b5 22.
Bc1 Bh4 23. Qe3 h6 24. Bd2 b4 25. c4 a5 26. Be1 a4 27. Bg3 Ra8 28. Qf2 Bxg3 29.
Qxg3 axb3 30. axb3 Ra3 31. Rxa3 bxa3 32. Ra1 Ra8 33. h4 Nb4 34. g5 hxg5 35.
hxg5 Nc2 36. Ra2 Nb4 37. Ra1 1/2-1/2

[Event "Gibraltar Chess Festival 2017 - Masters"]
[Site "Gibraltar ENG"]
[Date "2017.01.24"]
[Round "1.52"]
[White "Mueller-Dehn, Christian"]
[Black "Libiszewski, Fabien"]
[Result "1/2-1/2"]
[WhiteElo "2170"]
[BlackElo "2545"]
[PlyCount "78"]
[EventDate "2017.01.24"]
[EventType "swiss"]
[EventRounds "10"]
[EventCountry "ENG"]
[SourceTitle "Ajedrez en Madrid"]
[Source "lmi"]
[SourceDate "2017.01.24"]

1. c4 Nf6 2. Nc3 e5 3. Nf3 Nc6 4. d4 exd4 5. Nxd4 Bb4 6. Bg5 h6 7. Bh4 Ne5 8.
Qb3 Bxc3+ 9. Qxc3 d6 10. Bxf6 Qxf6 11. Nb5 Kd8 12. g3 a6 13. Na3 Ng4 14. Qxf6+
Nxf6 15. Bg2 Re8 16. e3 c6 17. O-O Kc7 18. Rac1 Be6 19. Rfd1 Rad8 20. b3 c5 21.
Nb1 Bd7 22. Nc3 Bc6 23. Nd5+ Nxd5 24. Bxd5 f5 25. Rd2 Re5 26. Rcd1 Bxd5 27.
Rxd5 Rxd5 28. Rxd5 g6 29. h4 h5 30. Kg2 Re8 31. Kf3 Re4 32. Ke2 b5 33. f3 Re8
34. Kd3 Kd7 35. e4 bxc4+ 36. bxc4 Ke6 37. e5 dxe5 38. Rxc5 Rd8+ 39. Ke3 Rd6
1/2-1/2

[Event "Gibraltar Chess Festival 2017 - Masters"]
[Site "Gibraltar ENG"]
[Date "2017.01.24"]
[Round "1.53"]
[White "Spraggett, Kevin"]
[Black "Alberto, Manuel"]
[Result "1-0"]
[WhiteElo "2542"]
[BlackElo "2168"]
[PlyCount "71"]
[EventDate "2017.01.24"]
[EventType "swiss"]
[EventRounds "10"]
[EventCountry "ENG"]
[SourceTitle "Ajedrez en Madrid"]
[Source "lmi"]
[SourceDate "2017.01.24"]

1. Nf3 d5 2. d4 Nf6 3. c4 c6 4. Nc3 e6 5. e3 Bd6 6. Bd3 Nbd7 7. e4 dxe4 8. Nxe4
Nxe4 9. Bxe4 Nf6 10. Bc2 h6 11. O-O O-O 12. c5 Bc7 13. b3 Qd5 14. Re1 Rd8 15.
Qe2 b6 16. Ba3 Qh5 17. g3 Ba6 18. Qe3 Rd7 19. Kg2 Rad8 20. h3 Qd5 21. Rad1 Re8
22. Bb2 Rdd8 23. a3 Bb5 24. Qc3 a5 25. Kh2 Qh5 26. cxb6 Bxb6 27. Ne5 Nd5 28.
Qd2 c5 29. dxc5 Bc7 30. Bd4 Nf6 31. Qc3 Bxe5 32. Bxe5 Rxd1 33. Bxd1 Qf5 34. f4
Nd5 35. Qd2 Qb1 36. Bc2 1-0

[Event "Gibraltar Chess Festival 2017 - Masters"]
[Site "Gibraltar ENG"]
[Date "2017.01.24"]
[Round "1.54"]
[White "Veltkamp, Gerben"]
[Black "Lagno, Kateryna"]
[Result "0-1"]
[WhiteElo "2166"]
[BlackElo "2530"]
[PlyCount "80"]
[EventDate "2017.01.24"]
[EventType "swiss"]
[EventRounds "10"]
[EventCountry "ENG"]
[SourceTitle "Ajedrez en Madrid"]
[Source "lmi"]
[SourceDate "2017.01.24"]

1. e4 d6 2. d4 g6 3. Nc3 Bg7 4. Be3 a6 5. Qd2 Nd7 6. Be2 b5 7. f4 Bb7 8. Bf3
Nb6 9. Qd3 b4 10. Nce2 a5 11. e5 d5 12. Nh3 Nh6 13. O-O Ba6 14. Qd1 Nc4 15. Bc1
Nf5 16. Rf2 Qd7 17. Ng3 Nce3 18. Qe1 Nxg3 19. hxg3 Nf5 20. Rd2 h5 21. b3 e6 22.
Bb2 c5 23. dxc5 Qa7 24. g4 hxg4 25. Bxg4 Bf8 26. Bxf5 Bxc5+ 27. Kh2 gxf5 28.
Qg3 Be3 29. Rxd5 exd5 30. e6 O-O-O 31. Bxh8 Rxh8 32. exf7 Rf8 33. Re1 d4 34.
Qg6 Bb5 35. Rxe3 dxe3 36. Ng5 e2 37. Qxf5+ Bd7 38. Qe4 Qb8 39. Kg1 Qxf4 40.
Qxf4 e1=Q+ 0-1

[Event "Gibraltar Chess Festival 2017 - Masters"]
[Site "Gibraltar ENG"]
[Date "2017.01.24"]
[Round "1.55"]
[White "Del Rio De Angelis, Salvador G"]
[Black "Dolzhikova, Olga"]
[Result "1-0"]
[WhiteElo "2527"]
[BlackElo "2164"]
[PlyCount "67"]
[EventDate "2017.01.24"]
[EventType "swiss"]
[EventRounds "10"]
[EventCountry "ENG"]
[SourceTitle "Ajedrez en Madrid"]
[Source "lmi"]
[SourceDate "2017.01.24"]

1. d4 Nf6 2. Nf3 e6 3. e3 b6 4. Bd3 Bb7 5. O-O Be7 6. c4 O-O 7. Nc3 d5 8. Qe2
c5 9. dxc5 dxc4 10. Bxc4 Bxc5 11. e4 h6 12. e5 Nd5 13. Qe4 Bc6 14. Qg4 Kh8 15.
Rd1 Qe7 16. Qh3 f5 17. Nxd5 exd5 18. Bxd5 Bxd5 19. Rxd5 Qe6 20. Rd3 Nc6 21. Be3
Nxe5 22. Nxe5 Qxe5 23. Bxh6 Bxf2+ 24. Kxf2 Qxb2+ 25. Bd2+ Kg8 26. Rd1 Rad8 27.
Rxd8 Rxd8 28. Qb3+ Qxb3 29. axb3 Rd3 30. b4 a5 31. Ke2 Ra3 32. bxa5 bxa5 33.
Rb1 Ra2 34. Rb5 1-0

[Event "Gibraltar Chess Festival 2017 - Masters"]
[Site "Gibraltar ENG"]
[Date "2017.01.24"]
[Round "1.56"]
[White "Gonzalez Gonzalez, Alfonso"]
[Black "Gunina, Valentina"]
[Result "0-1"]
[WhiteElo "2162"]
[BlackElo "2524"]
[PlyCount "58"]
[EventDate "2017.01.24"]
[EventType "swiss"]
[EventRounds "10"]
[EventCountry "ENG"]
[SourceTitle "Ajedrez en Madrid"]
[Source "lmi"]
[SourceDate "2017.01.24"]

1. e4 c6 2. d4 d5 3. e5 Bf5 4. h4 h5 5. Bd3 Bxd3 6. Qxd3 e6 7. Bg5 Qa5+ 8. Nd2
Qa6 9. a3 Qxd3 10. cxd3 Ne7 11. Bxe7 Bxe7 12. Ne2 a5 13. Nc3 a4 14. f4 Kd7 15.
Ke2 Rc8 16. Nf3 b6 17. Nd1 c5 18. Ne3 Nc6 19. Nc2 Na5 20. Rag1 c4 21. Ne3 c3
22. bxc3 Rxc3 23. f5 Rxa3 24. Ng5 Ra2+ 25. Kf3 Nb3 26. Kg3 Nxd4 27. Rb1 Re2 28.
Nxd5 exd5 29. Nxf7 Nxf5+ 0-1

[Event "Gibraltar Chess Festival 2017 - Masters"]
[Site "Gibraltar ENG"]
[Date "2017.01.24"]
[Round "1.57"]
[White "Lemos, Damian"]
[Black "Bopp, Thomas"]
[Result "1-0"]
[WhiteElo "2516"]
[BlackElo "2157"]
[PlyCount "49"]
[EventDate "2017.01.24"]
[EventType "swiss"]
[EventRounds "10"]
[EventCountry "ENG"]
[SourceTitle "Ajedrez en Madrid"]
[Source "lmi"]
[SourceDate "2017.01.24"]

1. d4 d5 2. c4 e6 3. Nf3 c6 4. e3 Bd6 5. b3 Nf6 6. Bd3 Ne4 7. O-O Nd7 8. Bb2
O-O 9. Nc3 f5 10. Ne2 Qf6 11. Qc1 g5 12. g3 g4 13. Nh4 Rf7 14. Nf4 Nf8 15. f3
gxf3 16. Nxf3 Qh6 17. Ne5 Rg7 18. Bxe4 fxe4 19. Ba3 Bxa3 20. Qxa3 Bd7 21. Qd6
Qg5 22. Rf2 Rd8 23. Raf1 Bc8 24. Nh5 Ng6 25. Nxg6 1-0

[Event "Gibraltar Chess Festival 2017 - Masters"]
[Site "Gibraltar ENG"]
[Date "2017.01.24"]
[Round "1.59"]
[White "Narciso Dublan, Marc"]
[Black "Seyfried, Claus"]
[Result "1-0"]
[WhiteElo "2508"]
[BlackElo "2152"]
[PlyCount "87"]
[EventDate "2017.01.24"]
[EventType "swiss"]
[EventRounds "10"]
[EventCountry "ENG"]
[SourceTitle "Ajedrez en Madrid"]
[Source "lmi"]
[SourceDate "2017.01.24"]

1. c4 c6 2. e4 d5 3. cxd5 cxd5 4. exd5 Nf6 5. Bb5+ Bd7 6. Bc4 b5 7. Bb3 Na6 8.
d4 Nc7 9. Nf3 Ncxd5 10. Ne5 e6 11. O-O Be7 12. Bg5 O-O 13. Nd2 Rc8 14. Rc1 Rxc1
15. Qxc1 h6 16. Bxd5 Nxd5 17. Bxe7 Nxe7 18. Qc5 f6 19. Nd3 Nf5 20. d5 Qa5 21.
Nb3 Qxa2 22. Qc3 Qa6 23. Qc7 Qd6 24. Qxd6 Nxd6 25. Nbc5 Bc8 26. dxe6 Re8 27.
Re1 a5 28. h4 g6 29. g4 Kg7 30. Kh2 Nb7 31. f4 Nd6 32. Kh3 Re7 33. Re2 f5 34.
h5 gxh5 35. gxh5 Kf6 36. Rg2 Rg7 37. Nd7+ Bxd7 38. exd7 Nb7 39. Nc5 Nd8 40. Re2
Re7 41. Rg2 Rg7 42. Rd2 Rg4 43. Rd6+ Ke7 44. Rxh6 1-0

[Event "Gibraltar Chess Festival 2017 - Masters"]
[Site "Gibraltar ENG"]
[Date "2017.01.24"]
[Round "1.60"]
[White "Finsterwalder, Sebastian"]
[Black "Mikhalevski, Victor"]
[Result "1-0"]
[WhiteElo "2130"]
[BlackElo "2504"]
[PlyCount "95"]
[EventDate "2017.01.24"]
[EventType "swiss"]
[EventRounds "10"]
[EventCountry "ENG"]
[SourceTitle "Ajedrez en Madrid"]
[Source "lmi"]
[SourceDate "2017.01.24"]

1. d4 Nf6 2. c4 g6 3. f3 Nh5 4. e4 e5 5. Be3 Bb4+ 6. Kf2 exd4 7. Bxd4 O-O 8. a3
Bd6 9. g3 Nc6 10. Be3 Be5 11. Qd2 d6 12. Nc3 f5 13. exf5 Bxf5 14. Kg2 Qd7 15.
Be2 Be6 16. Ne4 Kh8 17. Rd1 Rae8 18. Ng5 Bg8 19. N1h3 Qe7 20. Ne4 Bg7 21. Nhf2
Ne5 22. b3 b5 23. cxb5 Bxb3 24. Rc1 Qf7 25. Ng5 Qd7 26. Rhe1 Nf6 27. Bd4 Bd5
28. Qc3 Qf5 29. h4 h6 30. Nge4 Nxe4 31. fxe4 Bxe4+ 32. Nxe4 Qxe4+ 33. Kg1 Rf3
34. Bxf3 Nxf3+ 35. Qxf3 Qxf3 36. Rxe8+ Kh7 37. Bf2 Qf7 38. Rc8 g5 39. R8xc7 Qd5
40. h5 Qd2 41. Re1 Kg8 42. Re8+ Bf8 43. Rcc8 Kf7 44. Rxf8+ Ke6 45. Rce8+ Kd7
46. Re1 Qd5 47. a4 g4 48. Rfe8 1-0

[Event "Gibraltar Chess Festival 2017 - Masters"]
[Site "Gibraltar ENG"]
[Date "2017.01.24"]
[Round "1.61"]
[White "Aryan, Chopra"]
[Black "Weeramantry, Sunil"]
[Result "1-0"]
[WhiteElo "2503"]
[BlackElo "2129"]
[PlyCount "101"]
[EventDate "2017.01.24"]
[EventType "swiss"]
[EventRounds "10"]
[EventCountry "ENG"]
[SourceTitle "Ajedrez en Madrid"]
[Source "lmi"]
[SourceDate "2017.01.24"]

1. e4 d6 2. d4 g6 3. Nc3 Bg7 4. f4 Nf6 5. Bd3 O-O 6. Nf3 Nc6 7. O-O Bg4 8. Be2
e5 9. fxe5 Bxf3 10. exf6 Bxe2 11. Nxe2 Bxf6 12. c3 Qe7 13. Qb3 Na5 14. Qb5 b6
15. b4 a6 16. Qd3 Nb7 17. Bd2 Bg7 18. Nf4 c6 19. a4 Qd7 20. b5 axb5 21. axb5
Rxa1 22. Rxa1 Na5 23. bxc6 Qxc6 24. Nd5 Qc4 25. Qxc4 Nxc4 26. Bf4 Re8 27. Ra6
h6 28. Nxb6 Nxb6 29. Rxb6 Rxe4 30. Bxd6 Re3 31. Bb4 Re2 32. Rb8+ Kh7 33. Rb7 g5
34. Rxf7 Kg6 35. Rf2 Re1+ 36. Rf1 Re2 37. Rd1 Rc2 38. d5 Bxc3 39. Bxc3 Rxc3 40.
d6 Rc8 41. d7 Rd8 42. Kf2 Kf5 43. Kf3 h5 44. Rd5+ Kf6 45. Ke4 h4 46. h3 Ke6 47.
Rd2 Kf6 48. Rd6+ Ke7 49. Ke5 Kf7 50. Kf5 Ke7 51. Rd2 1-0

[Event "Gibraltar Chess Festival 2017 - Masters"]
[Site "Gibraltar ENG"]
[Date "2017.01.24"]
[Round "1.62"]
[White "Bendayan Claros, Aaron"]
[Black "Kollars, Dmitrij"]
[Result "0-1"]
[WhiteElo "2128"]
[BlackElo "2500"]
[PlyCount "70"]
[EventDate "2017.01.24"]
[EventType "swiss"]
[EventRounds "10"]
[EventCountry "ENG"]
[SourceTitle "Ajedrez en Madrid"]
[Source "lmi"]
[SourceDate "2017.01.24"]

1. d4 Nf6 2. c4 g6 3. Nc3 Bg7 4. e4 d6 5. f3 O-O 6. Be3 c5 7. Nge2 Nc6 8. d5
Ne5 9. Ng3 h5 10. Be2 h4 11. Nf1 e6 12. f4 Nxc4 13. Bxc4 b5 14. Nxb5 exd5 15.
Bxd5 Nxd5 16. Qxd5 Qa5+ 17. Nc3 Rb8 18. Rc1 Rxb2 19. Bd2 Qa6 20. e5 dxe5 21.
fxe5 Bb7 22. Qd6 Rb6 23. Qxc5 h3 24. Ne3 hxg2 25. Rg1 Rc8 26. Qd4 Re6 27. Ne2
Rxc1+ 28. Nxc1 Bxe5 29. Qd8+ Kg7 30. Bb4 Qb6 31. Qf8+ Kh7 32. Qxf7+ Bg7 33. Bd2
Rxe3+ 34. Bxe3 Qxe3+ 35. Ne2 Bf3 0-1

[Event "Gibraltar Chess Festival 2017 - Masters"]
[Site "Gibraltar ENG"]
[Date "2017.01.24"]
[Round "1.63"]
[White "Liang, Awonder"]
[Black "Whatley, Stephen A J"]
[Result "1-0"]
[WhiteElo "2496"]
[BlackElo "2127"]
[PlyCount "69"]
[EventDate "2017.01.24"]
[EventType "swiss"]
[EventRounds "10"]
[EventCountry "ENG"]
[SourceTitle "Ajedrez en Madrid"]
[Source "lmi"]
[SourceDate "2017.01.24"]

1. e4 c5 2. Nf3 e6 3. d4 cxd4 4. Nxd4 Nc6 5. Nc3 Qc7 6. Be3 a6 7. Qf3 Bd6 8.
O-O-O Nxd4 9. Bxd4 Nf6 10. g4 Be5 11. g5 Bxd4 12. Rxd4 Qc5 13. Rd2 Qxg5 14. h4
Qh5 15. Qg3 Qg6 16. Qe3 h5 17. f3 Qh6 18. Qc5 Qf4 19. e5 b6 20. Qd6 Nd5 21.
Nxd5 exd5 22. Qxd5 Ra7 23. Qd6 Ra8 24. Rg1 Rh6 25. Qd5 Ra7 26. Rxg7 Kf8 27. Rg1
Qxh4 28. Bc4 d6 29. Rdg2 Qf4+ 30. Kb1 Rc7 31. Rg8+ Ke7 32. Rxc8 Rd7 33. Qa8
dxe5 34. Re8+ Kd6 35. Rd1+ 1-0

[Event "Gibraltar Chess Festival 2017 - Masters"]
[Site "Gibraltar ENG"]
[Date "2017.01.24"]
[Round "1.64"]
[White "Burrows, Martin P"]
[Black "Bellahcene, Bilel"]
[Result "0-1"]
[WhiteElo "2124"]
[BlackElo "2493"]
[PlyCount "152"]
[EventDate "2017.01.24"]
[EventType "swiss"]
[EventRounds "10"]
[EventCountry "ENG"]
[SourceTitle "Ajedrez en Madrid"]
[Source "lmi"]
[SourceDate "2017.01.24"]

1. e4 c5 2. Nf3 Nc6 3. d4 cxd4 4. Nxd4 Nf6 5. Nc3 e5 6. Ndb5 d6 7. Bg5 a6 8.
Na3 Be6 9. Nc4 Rc8 10. Bxf6 gxf6 11. Ne3 Bh6 12. Ncd5 Bxe3 13. Nxe3 Qb6 14. Qb1
Ne7 15. Bd3 d5 16. exd5 Nxd5 17. Nxd5 Bxd5 18. O-O Rg8 19. g3 h5 20. c4 Be6 21.
Be2 Rg5 22. Qe4 Bf5 23. Qe3 Qxe3 24. fxe3 Ke7 25. Rac1 Rcg8 26. Kf2 h4 27. Rg1
Be4 28. g4 f5 29. h3 R8g6 30. Bf3 Rf6 31. Bxe4 fxe4+ 32. Kg2 Rf3 33. Rc3 Rg6
34. Rf1 Rg3+ 35. Kh2 Rd6 36. Rc2 Rd3 37. Rcf2 Rf3 38. Rxf3 exf3 39. Rxf3 Rd2+
40. Kg1 Rxb2 41. Rf5 Ke6 42. Rh5 Rxa2 43. Rxh4 Rb2 44. Rh8 Kf6 45. c5 Ke6 46.
e4 Rb4 47. Kg2 a5 48. Ra8 a4 49. g5 Rxe4 50. Kg3 Kf5 51. h4 Rg4+ 52. Kh3 Rc4
53. Kg3 Rc3+ 54. Kf2 a3 55. Ra4 Rc2+ 56. Ke3 a2 57. Kf3 Ke6 58. Kg3 Kf5 59. Kf3
Rb2 60. Ke3 Rh2 61. Kf3 Rxh4 62. Rxa2 Kxg5 63. Rb2 f5 64. Rxb7 Rc4 65. Rc7 f4
66. c6 Kf5 67. Rc8 Rc2 68. Rf8+ Ke6 69. Rc8 Rc3+ 70. Kf2 Ke7 71. Ke2 Kd6 72.
Rd8+ Kc7 73. Rd5 Re3+ 74. Kf2 Kxc6 75. Rd8 Kc5 76. Rd7 Kc4 0-1

[Event "Gibraltar Chess Festival 2017 - Masters"]
[Site "Gibraltar ENG"]
[Date "2017.01.24"]
[Round "1.66"]
[White "Byron, Alan M"]
[Black "Batsiashvili, Nino"]
[Result "0-1"]
[WhiteElo "2110"]
[BlackElo "2492"]
[PlyCount "82"]
[EventDate "2017.01.24"]
[EventType "swiss"]
[EventRounds "10"]
[EventCountry "ENG"]
[SourceTitle "Ajedrez en Madrid"]
[Source "lmi"]
[SourceDate "2017.01.24"]

1. e4 e5 2. Nf3 Nc6 3. Bb5 a6 4. Ba4 Nge7 5. c3 g6 6. O-O Bg7 7. d4 exd4 8.
cxd4 b5 9. Bb3 O-O 10. Nc3 d6 11. h3 Bb7 12. Bg5 h6 13. Bh4 Qd7 14. Re1 Na5 15.
Bc2 Rae8 16. a4 b4 17. Bxe7 Qxe7 18. Nd5 Qd8 19. Nxb4 c5 20. Nd5 cxd4 21. Qd3
f5 22. b4 fxe4 23. Rxe4 Bxd5 24. Rxe8 Rxe8 25. bxa5 Bf7 26. Rb1 Qxa5 27. Rb7
Qf5 28. Qxf5 gxf5 29. Bd3 Bd5 30. Rb6 Be4 31. Bxa6 d5 32. Rb3 Ra8 33. Bb5 d3
34. Bxd3 Rxa4 35. Bb5 Ra1+ 36. Kh2 Bf8 37. Ng1 Bd6+ 38. g3 f4 39. Be2 Ra2 40.
Rb6 fxg3+ 41. fxg3 Bc5 0-1

[Event "Gibraltar Chess Festival 2017 - Masters"]
[Site "Gibraltar ENG"]
[Date "2017.01.24"]
[Round "1.67"]
[White "Dragnev, Valentin"]
[Black "Haussernot, Cecile"]
[Result "1-0"]
[WhiteElo "2492"]
[BlackElo "2108"]
[PlyCount "87"]
[EventDate "2017.01.24"]
[EventType "swiss"]
[EventRounds "10"]
[EventCountry "ENG"]
[SourceTitle "Ajedrez en Madrid"]
[Source "lmi"]
[SourceDate "2017.01.24"]

1. e4 e6 2. d3 c5 3. Nf3 Nc6 4. g3 d5 5. Nbd2 g6 6. Bg2 Bg7 7. O-O Nge7 8. Re1
O-O 9. c3 b5 10. exd5 exd5 11. Nb3 d4 12. cxd4 c4 13. dxc4 bxc4 14. Nc5 Bg4 15.
h3 Bxf3 16. Bxf3 Bxd4 17. Be3 Bxb2 18. Rb1 Qxd1 19. Rexd1 c3 20. Re1 Rab8 21.
Nd7 c2 22. Rxb2 Rxb2 23. Nxf8 Rb1 24. Kf1 Nb4 25. Be4 Rxe1+ 26. Kxe1 f5 27. a3
fxe4 28. axb4 Kxf8 29. Kd2 Nd5 30. Bxa7 Kf7 31. b5 Nb4 32. b6 Nd3 33. Kxc2 Nc5
34. Kc3 Ke6 35. Kd4 Kd6 36. Bb8+ Kc6 37. Bc7 Nd3 38. f3 Nf2 39. fxe4 Nxh3 40.
Bd8 g5 41. e5 Nf2 42. e6 Ng4 43. Bxg5 h6 44. Bh4 1-0

[Event "Gibraltar Chess Festival 2017 - Masters"]
[Site "Gibraltar ENG"]
[Date "2017.01.24"]
[Round "1.68"]
[White "Seraoui, Mohcen"]
[Black "Krysa, Leandro"]
[Result "0-1"]
[WhiteElo "2100"]
[BlackElo "2491"]
[PlyCount "141"]
[EventDate "2017.01.24"]
[EventType "swiss"]
[EventRounds "10"]
[EventCountry "ENG"]
[SourceTitle "Ajedrez en Madrid"]
[Source "lmi"]
[SourceDate "2017.01.24"]

1. e4 e5 2. Nf3 Nc6 3. Bb5 a6 4. Ba4 Nge7 5. c3 g6 6. d4 exd4 7. cxd4 b5 8. Bb3
Bg7 9. O-O O-O 10. Nc3 Na5 11. Bg5 h6 12. Bh4 Nxb3 13. Qxb3 g5 14. Bg3 d6 15.
Rad1 Bg4 16. Nd5 Nxd5 17. Qxd5 Rb8 18. Qb3 Kh8 19. Rfe1 f5 20. exf5 Rxf5 21.
Re3 Qg8 22. Qa3 Qd5 23. Qd3 Rbf8 24. Qe4 Qxe4 25. Rxe4 Bxf3 26. gxf3 Rxf3 27.
Kg2 Kg8 28. h4 gxh4 29. Rxh4 R3f5 30. Rc1 R8f7 31. Re1 h5 32. b4 Bf6 33. Rhe4
Rd5 34. Rd1 Re7 35. Rxe7 Bxe7 36. Kf3 Kf7 37. Ke4 Ke6 38. f4 c6 39. Rc1 h4 40.
Bf2 Rh5 41. Bg1 d5+ 42. Kf3 Kd7 43. a3 Rh8 44. Bf2 a5 45. bxa5 Ra8 46. Be1 Bxa3
47. Rb1 h3 48. Kg3 Rh8 49. Kh2 Bd6 50. Bd2 Ke6 51. Rc1 Kf5 52. Rxc6 Bxf4+ 53.
Bxf4 Kxf4 54. Re6 b4 55. Rb6 Ra8 56. a6 Kf3 57. Rxb4 Rxa6 58. Rb3+ Ke4 59. Rxh3
Kxd4 60. Kg2 Rf6 61. Ra3 Ke4 62. Rh3 d4 63. Ra3 d3 64. Ra4+ Ke3 65. Ra8 d2 66.
Re8+ Kd3 67. Rd8+ Ke2 68. Re8+ Kd1 69. Rc8 Rf5 70. Re8 Kc2 71. Rc8+ 0-1

[Event "Gibraltar Chess Festival 2017 - Masters"]
[Site "Gibraltar ENG"]
[Date "2017.01.24"]
[Round "1.69"]
[White "Steinberg, Nitzan"]
[Black "Agbabishvili, Lali"]
[Result "1-0"]
[WhiteElo "2486"]
[BlackElo "2095"]
[PlyCount "49"]
[EventDate "2017.01.24"]
[EventType "swiss"]
[EventRounds "10"]
[EventCountry "ENG"]
[SourceTitle "Ajedrez en Madrid"]
[Source "lmi"]
[SourceDate "2017.01.24"]

1. e4 c5 2. Nf3 d6 3. d4 cxd4 4. Nxd4 Nf6 5. Nc3 a6 6. h4 e5 7. Nb3 Be6 8. f4
Bg4 9. Be2 Bxe2 10. Qxe2 Nbd7 11. g4 Nb6 12. g5 Nfd7 13. a4 Rc8 14. a5 Nc4 15.
f5 Be7 16. Nd5 Rc6 17. Rh3 Qc8 18. Rc3 b5 19. axb6 Ndxb6 20. Nxb6 Nxb6 21. Rxc6
Qxc6 22. Rxa6 O-O 23. Na5 Qc7 24. Be3 Nc8 25. Qc4 1-0